| 000 | 00532nam a2200193 a 4500 | ||
|---|---|---|---|
| 005 | 20140310183416.0 | ||
| 008 | 070920s19uu xx 00 eng d | ||
| 020 | _a0749448652 | ||
| 050 |
_aHD 59 _b.Ol45 2007 |
||
| 100 | _aOliver, Sandra | ||
| 245 |
_aPublic relations strategy. / _cSandra Oliver |
||
| 250 | _a2nd ed. | ||
| 260 |
_aLondon, United Kingdom : _bKogan Page, _c2007. |
||
| 300 |
_a146 p. : _bill. ; _c24 cm. |
||
| 521 | _aMC | ||
| 650 |
_aPublic relations _xManagement. |
||
| 942 |
_cBK _2lcc _kFOR |
||
| 999 |
_c22580 _d22580 |
||